Online Catalogue and eLibrary

The Kandyan kingdom of Sri Lanka 1707-1782 (Record no. 3533)

MARC details
000 -LEADER
fixed length control field 00554nam a2200169Ia 4500
005 - DATE AND TIME OF LATEST TRANSACTION
control field 20250213002123.0
008 - FIXED-LENGTH DATA ELEMENTS--GENERAL INFORMATION
fixed length control field 240331s9999 xx 000 0 und d
020 ## - INTERNATIONAL STANDARD BOOK NUMBER
ISBN 9555520194
082 ## - DDC Classification
Item Number - Author Mark DEW
Class No. 954
100 ## - MAIN ENTRY--PERSONAL NAME
Personal name Dewaraja, L.S
245 #4 - TITLE STATEMENT
Title The Kandyan kingdom of Sri Lanka 1707-1782
250 ## - EDITION STATEMENT
Edition statement 2nd
260 ## - PUBLICATION, DISTRIBUTION, ETC.
Place of publication, distribution, etc. Colombo
Name of publisher, distributor, etc. Lake House Investment Ltd
Date of publication, distribution, etc. 1988
300 ## - PHYSICAL DESCRIPTION
Extent (e.g. Volumes, Pages etc.) 304 p .,
500 ## - GENERAL NOTE
General note The Publication of the Second edition of the Kandyan Kingdom Enlarged and revised was possible due to the interest shown by J.R. Jayewardene
942 ## - Koha item type (Biblio)
Koha item type Books in Stacks (Lending)
Holdings
Lost status Damaged status Collection code Home library Current library Shelving location Date acquired Full call number Accession Number Item type
    Lending WERC Library WERC Library Social Science Cupboard 03/31/2024 954.9 DEW 572 Books in Stacks (Lending)

© WERC Library